Obálka Náhled e-knihy:
PDF Epub
Pro půjčování e-knih musíte být přihlášeni.
Jak si půjčit online?

Pravidla lásky /

Říká mi, že jsem dokonalá. Jeho bezchybná submisivní partnerka. Jeho hodná holka. Zlomil mě vztah s přítelem, který mě zanedbával, a toužila jsem, aby mi někdo řekl, že za to stojím. Pak jsem nečekaně získala práci u šéfa, před kterým padám na kolena – doslova. Dělám kvůli němu věci, ke kterým by se...

Celý popis

Uloženo v:
Série:Klub zhýralců, část 1
Hlavní autor: Cate, Sara (Autor)
Médium: E-kniha
Jazyk:Czech
Vydáno: Praha : DOBROVSKÝ s.r.o., 2024
Příbuzné jednotky:Z cyklu:: Klub zhýralců
Tagy:
Žádné tagy
LEADER 01937nam a22002417i 4500
001 312447
007 ta
008 260601s2024 xr ||||| |||| 00| 0 cze d
020 |a 9788027721030 
044 |a xr 
100 1 |a  Cate, Sara  |4 aut 
245 1 0 |a Pravidla lásky /  |c  Cate, Sara 
264 1 |a Praha :  |b DOBROVSKÝ s.r.o.,  |c 2024 
300 |a 1 online zdroj (328 stran) 
336 |a text  |b txt  |2 rdacontent 
337 |a bez média  |b n  |2 rdamedia 
338 |a online zdroj  |b cr  |2 rdacarrier 
520 2 |a Říká mi, že jsem dokonalá. Jeho bezchybná submisivní partnerka. Jeho hodná holka. Zlomil mě vztah s přítelem, který mě zanedbával, a toužila jsem, aby mi někdo řekl, že za to stojím. Pak jsem nečekaně získala práci u šéfa, před kterým padám na kolena – doslova. Dělám kvůli němu věci, ke kterým by se skutečná sekretářka nikdy neodvážila. Emerson Grant mi říká, že mu víc, než jen stačím. Jsem hodná jeho chvály. Existuje ale spousta důvodů, proč bych se od něj měla držet dál. Je majitelem Klubu prostopášníků a není jen mým novým šéfem – je dvakrát tak starý jako já. A navíc je to otec mého bývalého. V jeho přítomnosti se cítím milovaná a zbožňovaná. Patřím mu. Jsem hodná holka, ale začínám být zamilovaná do toho nesprávného. Emerson Grant ví, co chce – a chce mě. Jak daleko zajdu, abych si vysloužila jeho uznání? 
787 0 8 |g 1  |i Z cyklu:  |t Klub zhýralců 
910 |a RBIT002 
998 |d 407426  |a https://core.palmknihy.cz/api/books/407426/cover?she9c7  |b https://core.palmknihy.cz/api/books/407426/cover/400?she9c7  |c https://core.palmknihy.cz/api/books/407426/cover/50?she9c7  |e 2028-09-09  |g 328  |i 9788027721030  |j https://core.palmknihy.cz/api/books/407426/preview.epub  |k https://core.palmknihy.cz/api/books/407426/preview.pdf  |l   |q 49  |r 1  |s https://www.palmknihy.cz/kniha/407426  |t ebook  |y 2024  |z 1  |v Klub zhýralců  |w 1 
999 |d 312445